LEADER 01820oam 2200589zu 450 001 9910703283903321 005 20210803234152.0 010 $a1-282-21138-2 010 $a9786612211386 010 $a1-4358-6186-8 035 $a(CKB)2430000000012376 035 $a(SSID)ssj0000292113 035 $a(PQKBManifestationID)12064754 035 $a(PQKBTitleCode)TC0000292113 035 $a(PQKBWorkID)10255950 035 $a(PQKB)22059066 035 $a(OCoLC)53867250 035 $a(EXLCZ)992430000000012376 100 $a20160829d2002 uy 101 0 $aeng 135 $aurmn||||||||| 181 $ctxt 182 $cc 183 $acr 200 10$aCommunity service 210 31$a[Place of publication not identified]$cPowerKids Press$d2002 215 $a1 online resource 225 0 $aSchool activities Community service 300 $aBibliographic Level Mode of Issuance: Monograph 311 $a0-8239-5967-8 606 $aService learning$vJuvenile literature 606 $aBeaches$vJuvenile literature 606 $aLitter (Trash)$vJuvenile literature 606 $aRecycling (Waste, etc.)$vJuvenile literature 606 $aEducation, Special Topics$2HILCC 606 $aEducation$2HILCC 606 $aSocial Sciences$2HILCC 615 0$aService learning 615 0$aBeaches 615 0$aLitter (Trash) 615 0$aRecycling (Waste, etc.) 615 7$aEducation, Special Topics 615 7$aEducation 615 7$aSocial Sciences 676 $a371.19 700 $aEmmer$b Rae$01351316 712 02$aUnited States.$bAdministrative Office of the United States Courts.$bOffice of Probation and Pretrial Services. 801 0$bPQKB 906 $aBOOK 912 $a9910703283903321 996 $aCommunity service$93097523 997 $aUNINA LEADER 00785nam0-2200253---450 001 990008874130403321 005 20250409102700.0 035 $a000887413 100 $a20090707d1964----km-y0itay50------ba 101 0 $aita 102 $aIT 105 $aa-------001yy 200 1 $a<>piano territoriale di coordinamento delle Marche$erealizzazione e prospettive di studio$fFrancesco Bonasera 210 $aPalermo$cIst. di Geografia economica$d1964 215 $a35 p.$cill.$d24 cm 610 0 $aMarche 700 1$aBonasera,$bFrancesco$0129891 801 0$aIT$bUNINA$gRICA$2UNIMARC 901 $aLG 912 $a990008874130403321 952 $aMISC. B 083$bIst. 8541$fILFGE 959 $aILFGE 996 $aPiano territoriale di coordinamento delle Marche$9803203 997 $aUNINA